Villes de France à terminer 3 (click quiz) - Statistiques

Statistiques générales
  • Ce quiz a été pris 86 fois
  • Le résultat moyen est 13 sur 14
Statistiques - réponses
Hint Réponse % Correct
Salon-de-Prov ence
100%
Charleville-Méz ières
98%
Mantes-la-Jo lie
98%
Chalon-sur-Sa ône
98%
Thonon-les-B ains
96%
Saint-Germain-en-L aye
96%
Châlons-en-Champ agne
95%
Saint-Bri euc
95%
Choisy-le-R oi
95%
Bourg-en-B resse
94%
Brive-la-Gail larde
91%
Garges-lès-Gon esse
78%
Marcq-en-Bar œul
69%
Livry-Gar Gan
49%
Aucun quiz correspondant
Distribution des résultats
% des personnes avec chaque résultat
Percentile par nombre de réponses
Votre historique - résultats
Vous n’avez pas pris ce quiz